00281nam a22001217a 4500020001800000082001200018100001800030245003600048250001300084260003100097650001400128700001700142 a9781118092484 a515 ANT aAnton, Howard aCalculus : late transcendentals a10th ed. aNew YorkbJohn Wileyc2013 aCalculus  aHoward Anton